000 01399nac a22003611i 4500
003 EG-ScBUE
005 20250727094056.0
008 250714t1995 enka f b 001 0 eng d
020 _a0471954764 (paper)
020 _a9780471954767
040 _aEG-ScBUE
_beng
_erda
_cEG-ScBUE
_dEG-ScBUE
082 0 4 _a541.22
_bKET
_222
100 1 _aKettle, S. F. A.
_q(Sidney Francis Alan),
_eauthor.
245 1 0 _aSymmetry and structure :
_b(readable group theory for chemists) /
_cSidney F. A. Kettle, University of East Anglia, Norwich, England and Royal Military College, Kingston, Ontario, Canada.
250 _aSecond edition.
264 1 _aChichester :
_bJohn Wiley & Sons,
_c[1995]
264 4 _cc1995
300 _axii, 416 pages :
_billustrations ;
_c24 cm
336 _2rdacontent
_atext
_btxt
337 _aunmediated
_2rdamedia
_bn
338 _avolume
_bnc
_2rdacarrier
500 _aIncludes Appendices.
504 _aIncludes bibliographical references and index.
650 7 _aChemical structure.
_2BUEsh
650 7 _aSymmetry (Physics)
_2BUEsh
650 7 _aGroup theory.
_2BUEsh
650 7 _aChemical bonds.
_2BUEsh
650 7 _aMolecules.
_2BUEsh
655 _vReading book
856 4 2 _3Publisher description
_uhttp://www.loc.gov/catdir/description/wiley031/94039498.html
856 4 2 _3Table of Contents
_uhttp://www.loc.gov/catdir/toc/onix01/94039498.html
942 _cBB
_2ddc
999 _c4375
_d4375